<?xml version="1.0" encoding="UTF-8"?>
<collection xmlns="http://www.loc.gov/MARC21/slim">
 <record>
  <leader>03073nam a2200301 a 4500</leader>
  <controlfield tag="001">1/45248</controlfield>
  <controlfield tag="008">140820s2004    ne            001 0 eng  </controlfield>
  <datafield tag="020" ind1=" " ind2=" ">
   <subfield code="a">9781555583118</subfield>
  </datafield>
  <datafield tag="020" ind1=" " ind2=" ">
   <subfield code="a">1555583113</subfield>
  </datafield>
  <datafield tag="035" ind1=" " ind2=" ">
   <subfield code="l">48207</subfield>
  </datafield>
  <datafield tag="040" ind1=" " ind2=" ">
   <subfield code="a">OPELS</subfield>
   <subfield code="b">eng</subfield>
   <subfield code="c">OPELS</subfield>
   <subfield code="d">OCLCQ</subfield>
   <subfield code="d">OCLCF</subfield>
   <subfield code="d">GR-PeUP</subfield>
  </datafield>
  <datafield tag="100" ind1="1" ind2=" ">
   <subfield code="a">Schulz, Greg.</subfield>
  </datafield>
  <datafield tag="245" ind1="1" ind2="0">
   <subfield code="a">Resilient storage networking</subfield>
   <subfield code="h">[electronic resource] :</subfield>
   <subfield code="b">designing flexible scalable data infrastructures /</subfield>
   <subfield code="c">Greg Schulz.</subfield>
  </datafield>
  <datafield tag="246" ind1="1" ind2="4">
   <subfield code="a">Resilient storage networks</subfield>
  </datafield>
  <datafield tag="260" ind1=" " ind2=" ">
   <subfield code="a">Amsterdam ;</subfield>
   <subfield code="a">Boston :</subfield>
   <subfield code="b">Elsevier Digital Press,</subfield>
   <subfield code="c">c2004.</subfield>
  </datafield>
  <datafield tag="300" ind1=" " ind2=" ">
   <subfield code="a">1 online resource (xxi, 443 p.) :</subfield>
   <subfield code="b">ill.</subfield>
  </datafield>
  <datafield tag="490" ind1="1" ind2=" ">
   <subfield code="a">Digital Press storage technology series</subfield>
  </datafield>
  <datafield tag="520" ind1=" " ind2=" ">
   <subfield code="a">A resilient storage network is an environment where data is always available for the needs of the business. This book explains the components, as well as how to design and implement a resilient storage network for workgroup, departmental, and enterprise environments. Storage networks are an enabling capability combining technology and best practices to provide the foundation to support information technology systems and applications. Storage networks can be of various sizes, shapes, and technologies. This book shows you how to implement a resilient storage network infrastructure using different technologies including ATM, DWDM, FCIP, Fibre Channel, FICON, iFCP, InfiniBand, IP, iSCSI, Life Cycle Management, NAS, Object Based Storage, RAID, RDMA, Remote Mirroring, Replication, SAN, SCSI, SMI-S, SONET/SDH, Storage Services, Tape, Virtualization, and Volume Managers. *Important information is clarified and put into context to separate myths and realities *Covers storage networking technologies (hardware, software, networks) and practices *Numerous tips and recommendations allow the reader to quickly understand best practices *Checklists, templates and examples show potential solutions.</subfield>
  </datafield>
  <datafield tag="505" ind1="0" ind2=" ">
   <subfield code="a">Part I: Why Storage and Storage Networks? Importance of Information; Data Storage Fundamentals; Part II: Resilient Storage Networks: Networking Your Storage; Storage Network Design; Performance and Capacity Planning; Storage Management; SMIS; Storage and Storage Networking Virtualization; Part III: Networking with Your Storage: Storage and I/O Networks; Storage Networking Devices; Resilient Infrastructures; Securing Information; Part IV: Putting It All Together: Small SANs; Consolidation Examples; Metro and Wide Area; High Performance; Heterogeneous SANs; Wrap-up; Appendices: Storage Networking Information; RAID and Storage Information; Fiber Optic and Cabling Information; Glossary.</subfield>
  </datafield>
  <datafield tag="500" ind1=" " ind2=" ">
   <subfield code="a">Includes index.</subfield>
  </datafield>
  <datafield tag="650" ind1=" " ind2="4">
   <subfield code="a">Storage area networks (computer networks)</subfield>
  </datafield>
  <datafield tag="650" ind1=" " ind2="4">
   <subfield code="a">Information storage and retrieval systems.</subfield>
  </datafield>
  <datafield tag="655" ind1=" " ind2="4">
   <subfield code="a">Electronic books.</subfield>
  </datafield>
  <datafield tag="830" ind1=" " ind2="0">
   <subfield code="a">Digital Press storage technology series.</subfield>
  </datafield>
  <datafield tag="852" ind1=" " ind2=" ">
   <subfield code="a">INST</subfield>
   <subfield code="b">UNIPILB</subfield>
   <subfield code="c">EBOOKS</subfield>
   <subfield code="e">20140820</subfield>
   <subfield code="p">00b48207</subfield>
   <subfield code="q">00b48207</subfield>
   <subfield code="t">ONLINE</subfield>
   <subfield code="y">0</subfield>
  </datafield>
  <datafield tag="856" ind1="4" ind2="0">
   <subfield code="3">ScienceDirect</subfield>
   <subfield code="u">http://www.sciencedirect.com/science/book/9781555583118</subfield>
  </datafield>
  <datafield tag="856" ind1="4" ind2=" ">
   <subfield code="d">/webopac/covers/03/48207_9781555583118.jpg</subfield>
  </datafield>
  <datafield tag="856" ind1="4" ind2=" ">
   <subfield code="d">/webopac/covers/03/48207_1555583113.jpg</subfield>
  </datafield>
 </record>
</collection>
